000
00273cam a2200109ua 4500
082
_a
532
_b
KHU/TE
100
_a
R.S, Khurumi.
245
_a
Textbook of hydraulics fluid mechanics and hydraulics and hydraulic machines
300
_a
; .
504
_a
999
_c
11949
_d
11949